Statistics for Last Countries to Criminalize Slavery

Click here to take the quiz!

General Stats

  • This quiz has been taken 171 times
  • The average score is 10 of 20

Answer Stats

YearCountry% Correct
2017Chad
83%
2007Mauritania
74%
2003Niger
73%
1939Northern Nigeria
68%
1962Saudi Arabia
64%
1924Sudan
64%
1924Iraq
63%
1929Persia
63%
1970Oman
61%
1964United Arab Emirates
59%
1952Qatar
57%
1949Kuwait
49%
1937Bahrain
48%
1924Turkey
42%
1926Nepal
25%
1958Bhutan
23%
1926Burma
23%
1936Bechuanaland
17%
1962North Yemen
6%
1967South Yemen
6%

Score Distribution

Percentile by Number Answered

Percent of People with Each Score

Your Score History

You have not taken this quiz